000 00439nam a2200157Ia 4500
008 210210b1977 xxu||||| |||| 00| 0 eng d
082 _a321.80954 BOMC
100 _aBOMBWALL (K R).
245 _aConstitutional system of the Indian republic.
250 _a
260 _aAmbala Cantt.
_bModern Publications.
_c1977
300 _a358
650 _aIndian constitution.
690 _aIndian Constitution & Government
906 _aSG00268
999 _c111720
_d111720